[Event "AUT-chT2O 1314"]
[Site "Austria"]
[Date "2014.03.22"]
[Round "10.1"]
[White "Vlcek, Stanislav"]
[Black "Loeffler, Stefan"]
[Result "1/2-1/2"]
[WhiteElo "2309"]
[BlackElo "2415"]
[PlyCount "51"]
[EventDate "2013.10.05"]
[EventType "team-tourn"]
[EventRounds "11"]
[EventCountry "AUT"]
[SourceTitle "EXT 2015"]
[Source "ChessBase"]
[SourceDate "2014.11.20"]
[SourceVersion "1"]
[SourceVersionDate "2014.11.20"]
[SourceQuality "1"]
[WhiteTeam "Nickelsdorf"]
[BlackTeam "Poechlarn"]
[WhiteTeamCountry "AUT"]
[BlackTeamCountry "AUT"]

1. e4 c5 2. Nf3 e6 3. d3 d5 4. Nbd2 Ne7 5. g3 Nbc6 6. Bg2 g6 7. 0-0 Bg7 8. Re1 b6 9. exd5 Nxd5 10. Nb3 Bb7 11. c4 Ndb4 12. d4 Nxd4 13. Nbxd4 Bxd4 14. a3 Nc6 15. Nxd4 cxd4 16. Bh6 Qd7 17. Bg7 Rg8 18. Bf6 g5 19. Qa4 Rg6 20. Bxd4 Nxd4 21. Qxd7+ Kxd7 22. Rad1 Bxg2 23. Rxd4+ Ke7 24. Kxg2 Rc8 25. Re5 Rgg8 26. Kf3 1/2-1/2

[Event "AUT-chT2O 1314"]
[Site "Austria"]
[Date "2014.02.23"]
[Round "9.3"]
[White "Ragger, Anna Christina"]
[Black "Vlcek, Stanislav"]
[Result "1/2-1/2"]
[WhiteElo "2286"]
[BlackElo "2309"]
[PlyCount "72"]
[EventDate "2013.10.05"]
[EventType "team-tourn"]
[EventRounds "11"]
[EventCountry "AUT"]
[SourceTitle "EXT 2015"]
[Source "ChessBase"]
[SourceDate "2014.11.20"]
[SourceVersion "1"]
[SourceVersionDate "2014.11.20"]
[SourceQuality "1"]
[WhiteTeam "Wulkaprodersdorf"]
[BlackTeam "Nickelsdorf"]
[WhiteTeamCountry "AUT"]
[BlackTeamCountry "AUT"]

1. e4 c5 2. b3 d6 3. Bb2 Nf6 4. Bb5+ Nc6 5. d3 e6 6. Nd2 Bd7 7. f4 a6 8. Bxc6 Bxc6 9. Ngf3 Be7 10. 0-0 0-0 11. Qe1 Nd7 12. Qg3 f6 13. d4 Re8 14. c4 cxd4 15. Nxd4 Nf8 16. Kh1 Qa5 17. Bc3 Qh5 18. f5 e5 19. Nc2 Nd7 20. b4 b5 21. Qd3 Nb6 22. Ne3 Qf7 23. Nd5 bxc4 24. Nxc4 Nxc4 25. Qxc4 Bb5 26. Qc7 Bxf1 27. Rxf1 Bf8 28. Qa5 Rac8 29. Qxa6 Ra8 30. Qc4 Kh8 31. Qb3 Qa7 32. Rb1 Reb8 33. Rb2 Be7 34. a4 Bd8 35. Ra2 Qa6 36. Qb1 Qc4 1/2-1/2

[Event "AUT-chT2O 1314"]
[Site "Austria"]
[Date "2014.01.26"]
[Round "7.3"]
[White "Vlcek, Stanislav"]
[Black "Rumpl, Erwin"]
[Result "1/2-1/2"]
[WhiteElo "2309"]
[BlackElo "2308"]
[PlyCount "102"]
[EventDate "2013.10.05"]
[EventType "team-tourn"]
[EventRounds "11"]
[EventCountry "AUT"]
[SourceTitle "EXT 2015"]
[Source "ChessBase"]
[SourceDate "2014.11.20"]
[SourceVersion "1"]
[SourceVersionDate "2014.11.20"]
[SourceQuality "1"]
[WhiteTeam "Nickelsdorf"]
[BlackTeam "Eichgraben"]
[WhiteTeamCountry "AUT"]
[BlackTeamCountry "AUT"]

1. e4 e6 2. d4 d5 3. Nc3 Nf6 4. Bg5 Bb4 5. e5 h6 6. Bd2 Bxc3 7. bxc3 Ne4 8. Qg4 Kf8 9. h4 c5 10. Rh3 Nxd2 11. Kxd2 c4 12. Ne2 Nc6 13. Qf4 Qe7 14. Ng3 h5 15. Be2 g6 16. Nf1 b5 17. Rg3 Ke8 18. a3 Kd7 19. Ne3 Bb7 20. Rg5 Raf8 21. g4 hxg4 22. Nxg4 Kc7 23. Nf6 Nd8 24. h5 gxh5 25. Bxh5 Bc6 26. Rg7 Kb6 27. Qg5 Ka5 28. f4 Bd7 29. Qg4 Bc6 30. Qf3 Ka6 31. f5 exf5 32. Qxf5 Ne6 33. Rg2 Nc7 34. Nh7 Bd7 35. Qf6+ Qxf6 36. Nxf6 Be6 37. a4 Ne8 38. axb5+ Kxb5 39. Nxe8 Rxe8 40. Bf3 a5 41. Kc1 Rh3 42. Rf2 Rg8 43. Kb2 Rgg3 44. Raf1 Rh4 45. Rg2 Rxg2 46. Bxg2 Rh2 47. Bf3 Kc6 48. Bd1 Rh8 49. Rf2 Kb5 50. Be2 Rh1 51. Bf1 Rh8 1/2-1/2

[Event "SVK-chT 1314"]
[Site "Slovakia"]
[Date "2013.12.08"]
[Round "4.1"]
[White "Vlcek, Stanislav"]
[Black "Briestensky, Rastislav"]
[Result "1/2-1/2"]
[WhiteElo "2312"]
[BlackElo "2301"]
[PlyCount "93"]
[EventDate "2013.11.09"]
[EventType "team-tourn"]
[EventRounds "11"]
[EventCountry "SVK"]
[SourceTitle "CBM 157 Extra"]
[Source "ChessBase"]
[SourceDate "2013.12.19"]
[SourceVersion "1"]
[SourceVersionDate "2013.12.19"]
[SourceQuality "1"]
[WhiteTeam "Bratislava Doprastav"]
[BlackTeam "Bratislava Slovan II"]
[WhiteTeamCountry "SVK"]
[BlackTeamCountry "SVK"]

1. e4 d6 2. d4 g6 3. Nc3 Bg7 4. Be3 a6 5. a4 e6 6. a5 d5 7. Nf3 Nc6 8. Qd2 Nce7 9. e5 c5 10. Ne2 Nc6 11. dxc5 Nxe5 12. Nxe5 Bxe5 13. Bd4 Qf6 14. f4 Bxd4 15. Nxd4 Ne7 16. Be2 0-0 17. 0-0 Bd7 18. c3 Rfe8 19. Rae1 Nc6 20. b4 Rad8 21. Bd1 Kh8 22. Rf2 Rg8 23. Bc2 Be8 24. Re3 Bd7 25. Rg3 Rge8 26. Nxc6 Bxc6 27. Qd4 Qg7 28. Re2 Re7 29. f5 Qxd4+ 30. cxd4 gxf5 31. Bxf5 Rg8 32. Kf2 Rxg3 33. Kxg3 Re8 34. Bd3 f6 35. Kf4 Bd7 36. Re3 Re7 37. g4 h6 38. h4 Kg7 39. Be2 Re8 40. Bd3 Kf7 41. g5 hxg5+ 42. hxg5 Rh8 43. gxf6 Kxf6 44. Rf3 Rh4+ 45. Ke3+ Ke7 46. Rf4 Rh2 47. Rf2 1/2-1/2

[Event "SVK-chT 1314"]
[Site "Slovakia"]
[Date "2013.11.09"]
[Round "1.6"]
[White "Bednar, Milan"]
[Black "Vlcek, Stanislav"]
[Result "0-1"]
[WhiteElo "2240"]
[BlackElo "2312"]
[PlyCount "94"]
[EventDate "2013.11.09"]
[EventType "team-tourn"]
[EventRounds "11"]
[EventCountry "SVK"]
[SourceTitle "CBM 157 Extra"]
[Source "ChessBase"]
[SourceDate "2013.12.19"]
[SourceVersion "1"]
[SourceVersionDate "2013.12.19"]
[SourceQuality "1"]
[WhiteTeam "Stara Lubovna"]
[BlackTeam "Bratislava Doprastav"]
[WhiteTeamCountry "SVK"]
[BlackTeamCountry "SVK"]

1. d4 Nf6 2. g3 g6 3. Bg2 Bg7 4. e4 d6 5. Ne2 c5 6. 0-0 cxd4 7. Nxd4 0-0 8. c4 Nc6 9. Nc2 Bg4 10. f3 Be6 11. Qe2 Qb6+ 12. Be3 Qxb2 13. Nba3 Qc3 14. Rab1 Rab8 15. Rb3 Qa5 16. Rfb1 Qc7 17. Nb5 Qc8 18. Nca3 Nd7 19. Nxa7 Nxa7 20. Bxa7 Nc5 21. Bxb8 Nxb3 22. Rxb3 Qc5+ 23. Kh1 Rxb8 24. Bf1 Ra8 25. Nb1 b6 26. Qc2 d5 27. exd5 Bxd5 28. Qe2 Bc6 29. Nc3 Rd8 30. Kg2 e6 31. Ne4 Qa5 32. Rd3 Rxd3 33. Qxd3 Qxa2+ 34. Kh3 Qa8 35. Qe3 Qd8 36. Bd3 Bd4 37. Qe2 Kg7 38. Kg2 h5 39. h4 Qc7 40. Kh3 Qe5 41. Qc2 Qa5 42. g4 hxg4+ 43. fxg4 Qe1 44. g5 Qh1+ 45. Kg4 e5 46. Kg3 Qe1+ 47. Nf2 Qg1+ 0-1

[Event "SVK-chT 1213"]
[Site "Slovakia"]
[Date "2013.03.02"]
[Round "10.4"]
[White "Vlcek, Stanislav"]
[Black "Szucs, Vladimir"]
[Result "1/2-1/2"]
[WhiteElo "2292"]
[BlackElo "2235"]
[PlyCount "40"]
[EventDate "2012.10.27"]
[EventType "team-tourn"]
[EventRounds "11"]
[EventCountry "SVK"]
[SourceTitle "EXT 2014"]
[Source "ChessBase"]
[SourceDate "2013.11.20"]
[SourceVersion "1"]
[SourceVersionDate "2013.11.20"]
[SourceQuality "1"]
[WhiteTeam "Bratislava Doprastav"]
[BlackTeam "Nitra"]
[WhiteTeamCountry "SVK"]
[BlackTeamCountry "SVK"]

1. e4 c5 2. Nf3 g6 3. d4 Bg7 4. c4 Qa5+ 5. Bd2 Qb6 6. Bc3 cxd4 7. Nxd4 Nc6 8. Nb3 Nf6 9. N1d2 d6 10. Be2 0-0 11. 0-0 a5 12. h3 a4 13. Nc1 Nd7 14. Bxg7 Kxg7 15. Qc2 Kg8 16. Nf3 Nde5 17. Qc3 Nxf3+ 18. Bxf3 Qd4 19. Ne2 Qxc3 20. Nxc3 Nd4 1/2-1/2

[Event "SVK-chT 1213"]
[Site "Slovakia"]
[Date "2013.03.01"]
[Round "9.4"]
[White "Zetocha, Claudiu"]
[Black "Vlcek, Stanislav"]
[Result "1/2-1/2"]
[WhiteElo "2360"]
[BlackElo "2292"]
[PlyCount "111"]
[EventDate "2012.10.27"]
[EventType "team-tourn"]
[EventRounds "11"]
[EventCountry "SVK"]
[SourceTitle "EXT 2014"]
[Source "ChessBase"]
[SourceDate "2013.11.20"]
[SourceVersion "1"]
[SourceVersionDate "2013.11.20"]
[SourceQuality "1"]
[WhiteTeam "Bratislava Slovan"]
[BlackTeam "Bratislava Doprastav"]
[WhiteTeamCountry "SVK"]
[BlackTeamCountry "SVK"]

1. e4 c5 2. Nf3 d6 3. c3 Nf6 4. h3 g6 5. Bd3 Bg7 6. 0-0 0-0 7. Re1 Nc6 8. Bf1 e5 9. d3 h6 10. a3 a5 11. a4 d5 12. Nbd2 d4 13. Nc4 Qc7 14. Bd2 Ne8 15. Qc1 Kh7 16. Nh2 Nd6 17. Na3 Be6 18. f4 Qd7 19. Nf3 f6 20. Nb5 exf4 21. Nxd6 Qxd6 22. Bxf4 Ne5 23. Be2 Qd7 24. Qd2 Bb3 25. cxd4 cxd4 26. Ra3 Bxa4 27. Rea1 Bc6 28. Bxe5 fxe5 29. Rxa5 Rxa5 30. Qxa5 Qe7 31. Rc1 Rc8 32. b4 Bd7 33. Rxc8 Bxc8 34. Qb6 Bf8 35. b5 Qd6 36. Qa7 Qc7 37. Qa2 Kg7 38. Qd5 Bd6 39. Bd1 Kf6 40. Bb3 Qe7 41. Qg8 Qf8 42. Qc4 Bd7 43. Qd5 Bc8 44. Nd2 Bc7 45. Nf3 Qe7 46. Qg8 Bd7 47. Qh8+ Qg7 48. Qa8 Bxb5 49. Qxb7 Qd7 50. Bc4 Bc6 51. Qa6 Kg7 52. Qa3 Bd6 53. Qb3 Qa7 54. Bd5 Qa1+ 55. Kh2 Qc3 56. Qa2 1/2-1/2

[Event "SVK-chT 1213"]
[Site "Slovakia"]
[Date "2013.02.10"]
[Round "8.3"]
[White "Vlcek, Stanislav"]
[Black "Sedlacek, Pavol"]
[Result "1/2-1/2"]
[WhiteElo "2292"]
[BlackElo "2229"]
[PlyCount "152"]
[EventDate "2012.10.27"]
[EventType "team-tourn"]
[EventRounds "11"]
[EventCountry "SVK"]
[SourceTitle "EXT 2014"]
[Source "ChessBase"]
[SourceDate "2013.11.20"]
[SourceVersion "1"]
[SourceVersionDate "2013.11.20"]
[SourceQuality "1"]
[WhiteTeam "Bratislava Doprastav"]
[BlackTeam "Cadca"]
[WhiteTeamCountry "SVK"]
[BlackTeamCountry "SVK"]

1. e4 c6 2. d4 d5 3. exd5 cxd5 4. c4 Nf6 5. Nc3 e6 6. Nf3 Nc6 7. Bd3 dxc4 8. Bxc4 Be7 9. 0-0 0-0 10. Re1 b6 11. a3 Bb7 12. Ba2 Nd5 13. Ne4 Qc7 14. Bg5 Rfd8 15. Qd3 Nf4 16. Qd2 Bxg5 17. Nexg5 h6 18. Ne4 Ng6 19. Rad1 Nce7 20. Rc1 Qd7 21. Bb1 Rac8 22. Rxc8 Qxc8 23. Qb4 Nc6 24. Qc3 Nf8 25. Ng3 Qd7 26. Be4 Na5 27. d5 Bxd5 28. Nh5 f6 29. Rd1 Qa4 30. Rd4 Qc6 31. Qe1 Nb3 32. Rd3 Nc5 33. Bxd5 Rxd5 34. Rxd5 Qxd5 35. Nf4 Qc4 36. Ne2 Qc2 37. Qd2 Qb1+ 38. Qc1 Qd3 39. Nc3 e5 40. Ne1 Qc4 41. Qd2 Nfe6 42. Nc2 Nd4 43. Ne3 Qb3 44. f4 Qe6 45. fxe5 fxe5 46. b4 Nd7 47. Ncd5 Nf6 48. Nxf6+ Qxf6 49. Qd3 Kh8 50. h3 Qg5 51. Qe4 Qf4 52. Qd3 Qg3 53. Kf1 g6 54. a4 h5 55. Qe4 Kh7 56. b5 Qf4+ 57. Qxf4 exf4 58. Nd5 Nb3 59. Ne7 Nc5 60. Nc8 Nxa4 61. Nxa7 g5 62. Ke2 Kg6 63. Kd3 Kf5 64. Nc6 g4 65. hxg4+ Kxg4 66. Nd4 h4 67. Ke2 Kg3 68. Nf5+ Kxg2 69. Nxh4+ Kg3 70. Nf5+ Kg4 71. Nd6 f3+ 72. Kf2 Nc3 73. Nc4 Ne4+ 74. Ke3 Nc3 75. Ne5+ Kg3 76. Nxf3 Nxb5 1/2-1/2

[Event "AUT-chT2O 1213"]
[Site "Austria"]
[Date "2013.02.02"]
[Round "6.3"]
[White "Michalik, Peter"]
[Black "Vlcek, Stanislav"]
[Result "1-0"]
[WhiteElo "2508"]
[BlackElo "2292"]
[PlyCount "73"]
[EventDate "2012.10.06"]
[EventType "team-tourn"]
[EventRounds "11"]
[EventCountry "AUT"]
[SourceTitle "EXT 2014"]
[Source "ChessBase"]
[SourceDate "2013.11.20"]
[SourceVersion "1"]
[SourceVersionDate "2013.11.20"]
[SourceQuality "1"]
[WhiteTeam "Pamhagen"]
[BlackTeam "Nickelsdorf"]
[WhiteTeamCountry "AUT"]
[BlackTeamCountry "AUT"]

1. d4 Nf6 2. c4 g6 3. Nc3 Bg7 4. e4 d6 5. Bd3 Nc6 6. Nge2 e5 7. d5 Nd4 8. Rb1 0-0 9. 0-0 c5 10. dxc6 bxc6 11. b4 Be6 12. Nxd4 exd4 13. Ne2 c5 14. bxc5 dxc5 15. Nf4 Re8 16. e5 Nd7 17. Nxe6 Rxe6 18. f4 Rb8 19. Rxb8 Qxb8 20. Qa4 Qb7 21. Qc2 Ra6 22. h4 Nb6 23. f5 Bxe5 24. fxg6 hxg6 25. Bxg6 f6 26. Be4 Rxa2 27. Qd3 Qg7 28. Qh3 Kf7 29. Bf4 Bxf4 30. Rxf4 Ke7 31. Qf5 Nd7 32. Rg4 Qh6 33. h5 Ne5 34. Rg3 Qc1+ 35. Kh2 Qxc4 36. Rg7+ Nf7 37. Bd5 1-0

[Event "SVK-chT 1213"]
[Site "Slovakia"]
[Date "2013.01.20"]
[Round "6.5"]
[White "Matejovic, Juraj"]
[Black "Vlcek, Stanislav"]
[Result "0-1"]
[WhiteElo "2199"]
[BlackElo "2292"]
[PlyCount "162"]
[EventDate "2012.10.27"]
[EventType "team-tourn"]
[EventRounds "11"]
[EventCountry "SVK"]
[SourceTitle "EXT 2014"]
[Source "ChessBase"]
[SourceDate "2013.11.20"]
[SourceVersion "1"]
[SourceVersionDate "2013.11.20"]
[SourceQuality "1"]
[WhiteTeam "Modra"]
[BlackTeam "Bratislava Doprastav"]
[WhiteTeamCountry "SVK"]
[BlackTeamCountry "SVK"]

1. e4 c5 2. Nf3 e6 3. Nc3 a6 4. d4 cxd4 5. Nxd4 b5 6. Be2 Bb7 7. Bf3 Qc7 8. 0-0 d6 9. Re1 Nd7 10. a4 bxa4 11. Rxa4 Be7 12. Bh5 g6 13. Bg4 Ngf6 14. Bh6 Nxg4 15. Qxg4 Ne5 16. Qe2 Rc8 17. Bg7 Rg8 18. Bxe5 dxe5 19. Nb3 Qb6 20. Rea1 Bb4 21. Na2 Be7 22. Nc3 Kf8 23. R4a2 Bb4 24. Nd1 Rc7 25. c3 Be7 26. Na5 Bc8 27. Nc4 Qb5 28. Nde3 f6 29. Ra5 Qc6 30. Qf3 Kg7 31. h4 h5 32. b4 Bb7 33. R5a3 Rgc8 34. Nd2 Qd7 35. Rd1 Rd8 36. Ndc4 Qe8 37. Raa1 Rcd7 38. Rxd7 Qxd7 39. Na5 Ba8 40. Rd1 Qc7 41. Rxd8 Qxd8 42. Qe2 Qc8 43. Nec4 Qc7 44. Qd3 f5 45. exf5 exf5 46. Qe3 Bxh4 47. Nxe5 Bf6 48. f4 Be4 49. Nac4 h4 50. Qd4 Ba8 51. Nd6 Qe7 52. c4 Kh7 53. c5 Bc6 54. Qe3 Qe6 55. Ndc4 Ba4 56. Kh2 Bb5 57. Nd6 Bc6 58. Ndc4 Be4 59. Qd4 g5 60. fxg5 Bxg5 61. Qd7+ Qxd7 62. Nxd7 Kg7 63. Kh3 Kf7 64. Nde5+ Ke6 65. Ng6 Kd5 66. Nb6+ Kc6 67. Ne5+ Kb5 68. Nbd7 Bd2 69. Nb8 Bxb4 70. Kxh4 Bxg2 71. Kg5 Be4 72. c6 Bd6 73. Ned7 a5 74. Kf6 f4 75. Ke6 Bc7 76. Nf6 Bxc6 77. Nxc6 Kxc6 78. Kf5 f3 79. Ng4 Kd5 80. Nf6+ Kd4 81. Ne4 Ke3 0-1